Вся правда, вся ложь: роман

Podrobná bibliografie
Hlavní autor: Полякова Т. В. Татьяна Викторовна
Shrnutí:Расследование — вещь непредсказуемая, никогда не знаешь, где окажешься. Вот тут и поверишь мудрецам, что каждый поступок, даже самый незначительный, — наш выбор, и он может завести бог знает куда... И зачем Фенька взялась за это дело?! Жалко ей, видите ли, стало безутешного вдовца и бабулю, потерявшую единственную внучку... А может, так она спасалась от затяжной депрессии из-за несчастной любви? Стас уехал, поставив точку в запутанных отношениях... Наверное, поэтому Фенька и согласилась на предложение Одинцова отыскать убийцу его жены. Еще один труп не заставил себя долго ждать. Но где гарантия, что убийца на этом остановится? A bоt Фенька точно уже не могла остановиться. Тем более ей вызвался помогать Берсеньев. В ходе следствия их не раз выручало его умопомрачительное обаяние и сыщицкий нюх. Они доведут расследование до конца. Это единственный способ для Феньки не думать о Стасе...
Jazyk:ruština
Vydáno: Москва, Эксмо, 2012
Edice:Авантюрный детектив
Témata:
Médium: Kniha
KOHA link:https://koha.lib.tpu.ru/cgi-bin/koha/opac-detail.pl?biblionumber=256785

MARC

LEADER 00000nam0a2200000 4500
001 256785
005 20231101233138.0
010 |a 9785699559381 
035 |a (RuTPU)RU\TPU\book\279528 
090 |a 256785 
100 |a 20140411d2012 m y0rusy50 ca 
101 0 |a rus 
102 |a RU 
105 |a y z 000ay 
200 1 |a Вся правда, вся ложь  |e роман  |f Т. В. Полякова 
210 |a Москва  |c Эксмо  |d 2012 
215 |a 316 с. 
225 1 |a Авантюрный детектив 
330 |a Расследование — вещь непредсказуемая, никогда не знаешь, где окажешься. Вот тут и поверишь мудрецам, что каждый поступок, даже самый незначительный, — наш выбор, и он может завести бог знает куда... И зачем Фенька взялась за это дело?! Жалко ей, видите ли, стало безутешного вдовца и бабулю, потерявшую единственную внучку... А может, так она спасалась от затяжной депрессии из-за несчастной любви? Стас уехал, поставив точку в запутанных отношениях... Наверное, поэтому Фенька и согласилась на предложение Одинцова отыскать убийцу его жены. Еще один труп не заставил себя долго ждать. Но где гарантия, что убийца на этом остановится? A bоt Фенька точно уже не могла остановиться. Тем более ей вызвался помогать Берсеньев. В ходе следствия их не раз выручало его умопомрачительное обаяние и сыщицкий нюх. Они доведут расследование до конца. Это единственный способ для Феньки не думать о Стасе... 
606 1 |a Русская литература современная  |2 stltpush  |3 (RuTPU)RU\TPU\subj\26373  |9 50316 
610 1 |a детективы 
610 1 |a приключения 
610 1 |a авантюрные романы 
610 1 |a любовь 
675 |a Р2  |v 3 
700 1 |a Полякова  |b Т. В.  |g Татьяна Викторовна 
801 1 |a RU  |b 63413507  |c 20140411 
801 2 |a RU  |b 63413507  |c 20140708  |g RCR 
942 |c BK 
959 |a 68/20140410  |d 1  |e 255,20  |f ХФ:1